ESSENTIALS OF BLOOD BANKING & TRANSFUSION MEDICINE (Record no. 28622)
[ view plain ]
| 000 -LEADER | |
|---|---|
| fixed length control field | 00363nam a22001577a 4500 |
| 003 - CONTROL NUMBER IDENTIFIER | |
| control field | SGT |
| 020 ## - INTERNATIONAL STANDARD BOOK NUMBER | |
| International Standard Book Number | 9789356966901 |
| 082 ## - DEWEY DECIMAL CLASSIFICATION NUMBER | |
| Classification number | 615.39 |
| Item number | E25M |
| 100 ## - MAIN ENTRY--PERSONAL NAME | |
| Personal name | MEHDI, S.R. |
| 245 ## - TITLE STATEMENT | |
| Title | ESSENTIALS OF BLOOD BANKING & TRANSFUSION MEDICINE |
| 250 ## - EDITION STATEMENT | |
| Edition statement | 3RD |
| 260 ## - PUBLICATION, DISTRIBUTION, ETC. (IMPRINT) | |
| Place of publication, distribution, etc | INDIA |
| Name of publisher, distributor, etc | JAYPEE PUB |
| Year of Publication | 2025 |
| 300 ## - PAGE DESCRIPTION | |
| No. of Pages | 163 |
| 650 ## - SUBJECT ADDED ENTRY--TOPICAL TERM | |
| Topical term or geographic name as entry element | BLOOD BANKING |
| 942 ## - ADDED ENTRY ELEMENTS (KOHA) | |
| Source of classification or shelving scheme | Dewey Decimal Classification |
| Koha item type | Books |
| Withdrawn status | Lost status | Source of classification or shelving scheme | Damaged status | Not for loan | Collection code | Home library | Current library | Shelving location | Date acquired | Vendor Name | Cost, normal purchase price | SGTU | Bill Number | Full call number | Accession No. (Barcode) | Date last seen | Bill Date | Koha item type | Total Checkouts |
|---|---|---|---|---|---|---|---|---|---|---|---|---|---|---|---|---|---|---|---|
| Dewey Decimal Classification | Not For Loan | MEDICAL | SGT Medical Library | SGT Medical Library | Reference Book | 13/12/2024 | ABC PUB. DELHI | 550.00 | SGTU | 20050 | 615.39 E25M | FM14591 | 01/01/2025 | 13/12/2024 | Books | ||||
| Dewey Decimal Classification | MEDICAL | SGT Medical Library | SGT Medical Library | Text Book | 13/12/2024 | ABC PUB. DELHI | 550.00 | SGTU | 20050 | 615.39 E25M | FM14592 | 01/01/2025 | 13/12/2024 | Books | |||||
| Dewey Decimal Classification | MEDICAL | SGT Medical Library | SGT Medical Library | Text Book | 13/12/2024 | ABC PUB. DELHI | 550.00 | SGTU | 20050 | 615.39 E25M | FM14593 | 01/01/2025 | 13/12/2024 | Books | |||||
| Dewey Decimal Classification | MEDICAL | SGT Medical Library | SGT Medical Library | Text Book | 13/12/2024 | ABC PUB. DELHI | 550.00 | SGTU | 20050 | 615.39 E25M | FM14594 | 01/01/2025 | 13/12/2024 | Books | |||||
| Dewey Decimal Classification | MEDICAL | SGT Medical Library | SGT Medical Library | Text Book | 13/12/2024 | ABC PUB. DELHI | 550.00 | SGTU | 20050 | 615.39 E25M | FM14595 | 01/01/2025 | 13/12/2024 | Books |